Rāhī aur rāh numā. (Record no. 75705)

MARC details
000 -LEADER
fixed length control field 00571cam a22002171 4500
001 - CONTROL NUMBER
control field sa 67006123
003 - CONTROL NUMBER IDENTIFIER
control field DLC
005 - DATE AND TIME OF LATEST TRANSACTION
control field 20260227112404.0
008 - FIXED-LENGTH DATA ELEMENTS--GENERAL INFORMATION
fixed length control field 890227s1964 xx 000 0 urd
010 ## - LIBRARY OF CONGRESS CONTROL NUMBER
LC control number sa 67006123
035 ## - SYSTEM CONTROL NUMBER
System control number (OCoLC)23580534
040 ## - CATALOGING SOURCE
Original cataloging agency DLC
Transcribing agency MiU
Modifying agency DLC
042 ## - AUTHENTICATION CODE
Authentication code premarc
050 00 - LIBRARY OF CONGRESS CALL NUMBER
Classification number PK2200.B68
Item number Z5
100 1# - MAIN ENTRY--PERSONAL NAME
Personal name Brelvi, Altaf Ali,
Dates associated with a name 1905-
245 10 - TITLE STATEMENT
Title Rāhī aur rāh numā.
260 ## - PUBLICATION, DISTRIBUTION, ETC.
Date of publication, distribution, etc. 1964
300 ## - PHYSICAL DESCRIPTION
Extent 256 p. (p. 251-256 advertisements)
Dimensions 18 cm.
500 ## - GENERAL NOTE
General note In Urdu.
650 #0 - SUBJECT ADDED ENTRY--TOPICAL TERM
Topical term or geographic name entry element Authors
General subdivision Correspondence, reminiscences, etc.

No items available.

Powered by Koha